| 000 | 01343nam a2200373 i 4500 | ||
|---|---|---|---|
| 001 | DIGDYK2695 | ||
| 003 | NyNyDIG | ||
| 007 | cr ||||||||||| | ||
| 008 | 230701s2023 sp ob 000 0 spa d | ||
| 006 | m o d | ||
| 035 | _a(OCoLC)1375332324 | ||
| 040 |
_aDGITA _beng _erda _epn _cDGITA |
||
| 020 |
_a9788411229982 _qeBook |
||
| 043 | _ae-sp--- | ||
| 050 | 1 | 4 | _aLB2108 ebook |
| 100 | 1 |
_aRamos Bañobre, José, _eauthor. |
|
| 245 | 1 | 0 |
_aSistema para la gestión de la formación permanente en los directivos educacionales / _cJosé Ramos Bañobre [and 10 others]. |
| 264 | 1 |
_aMadrid : _bDykinson, S.L., _c[2023] |
|
| 300 | _a1 online resource. | ||
| 336 |
_atext _btxt _2rdacontent |
||
| 337 |
_acomputer _bc _2rdamedia |
||
| 338 |
_aonline resource _bcr _2rdacarrier |
||
| 347 |
_atext file _2rdaft |
||
| 347 | _bPDF | ||
| 504 | _aIncludes bibliographical references. | ||
| 588 | 0 | _aOnline resource; title from PDF title page (Digitalia, viewed July 1, 2023) | |
| 650 | 0 |
_aSchool administrators _xTraining of. |
|
| 650 | 0 |
_aSchool management and organization _zSpain. |
|
| 791 | 2 |
_aDigitalia (Firm), _edistributor. |
|
| 793 | 0 |
_gDigitalia eBook Collection: _aDykinson Editorial |
|
| 856 | 4 | 0 |
_3Digitalia Hispánica _uhttps://www.digitaliapublishing.com/a/127282/ |
| 910 | _aPremium collection: 2023 | ||
| 942 | _cRAA | ||
| 999 |
_c278496 _d278496 |
||